Ararat Line (V/Line) - Statistics

General Stats
  • This quiz has been taken 22 times
  • The average score is 15 of 15
Answer Stats
# Answer % Correct
1 Ararat
100%
12 Ardeer
100%
5 Ballan
100%
4 Ballarat
100%
10 Caroline Springs
100%
8 Cobblebank
100%
11 Deer Park
100%
14 Footscray
100%
7 Melton
100%
9 Rockbank
100%
15 Southern Cross
100%
13 Sunshine
100%
6 Bacchus Marsh
89%
3 Wendouree
89%
2 Beaufort
78%
No matching quizzes found
Score Distribution
Percent of People with Each Score
Percentile by Number Answered
Your Score History
You have not taken this quiz